И. И. Ползунов (Запись № 8052070)

Подробности
000 -МАРКЕР
контрольное поле 01683nam0a2200337 4500
001 - ИДЕНТИФИКАТОР ЗАПИСИ
контрольное поле rc\4124580
005 - ИДЕНТИФИКАТОР ВЕРСИИ
контрольное поле 20260406210649.0
035 ## - ДРУГИЕ СИСТЕМНЫЕ НОМЕРА
Идентификатор записи (NLR Aleph) 007903397
100 ## - ДАННЫЕ ОБЩЕЙ ОБРАБОТКИ
Данные общей обработки 20130415d1948 |||y0rusy50 ca
101 0# - ЯЗЫК РЕСУРСА
Язык текста, звукозаписи и т.д. русский
102 ## - СТРАНА ПУБЛИКАЦИИ ИЛИ ПРОИЗВОДСТВА
Страна публикации Российская Федерация
105 ## - ПОЛЕ КОДИРОВАННЫХ ДАННЫХ: ТЕКСТОВЫЕ МАТЕРИАЛЫ, МОНОГРАФИЧЕСКИЕ
Кодированные данные о монографическом текстовом документе a a 010zb
181 #0 - ПОЛЕ КОДИРОВАННЫХ ДАННЫХ: ВИД СОДЕРЖАНИЯ
Код вида содержания (ISBD) i3
Код характеристики содержания (ISBD) axxe
182 #0 - ПОЛЕ КОДИРОВАННЫХ ДАННЫХ: ТИП СРЕДСТВА
Код типа средства (ISBD) n - непосредственное
200 1# - ЗАГЛАВИЕ И СВЕДЕНИЯ ОБ ОТВЕТСТВЕННОСТИ
Основное заглавие И. И. Ползунов
Сведения, относящиеся к заглавию первый русский теплотехник
-- к 220-летию со дня рождения
Первые сведения об ответственности [составитель: Р. В. Цукерман]
Последующие сведения об ответственности Гос. Ордена Трудового Красного Знамени Публичная б-ка им. М. Е. Салтыкова-Щедрина
203 ## - ВИД СОДЕРЖАНИЯ И ТИП СРЕДСТВА
Вид содержания Текст
Дополнительные сведения об издании визуальный
Тип средства непосредственный
210 ## - ПУБЛИКАЦИЯ, РАСПРОСТРАНЕНИЕ И ДР.
Место издания, распространения и т.д. Ленинград
Имя издателя, распространителя и т. д. Государственная Публичная библиотека им. М.Е. Салтыкова-Щедрина
Дата издания, распространения и т.д. 1948
215 ## - ФИЗИЧЕСКАЯ ХАРАКТЕРИСТИКА
Специфическое обозначение материала и объем 7, [1] с.
Другие сведения о физической характеристике ил.
Размеры 14
225 1# - СЕРИЯ
Основное заглавие серии Памятка читателя
Сведения, относящиеся к заглавию серия биографическая
Обозначение тома № 3
300 ## - ОБЩИЕ ПРИМЕЧАНИЯ
Текст примечания Сост. указан в вып. дан.
700 #1 - ИМЯ ЛИЦА - ПЕРВИЧНАЯ ОТВЕТСТВЕННОСТЬ
Начальный элемент ввода Цукерман
Часть имени, кроме начального элемента ввода Р.В.
Даты 1902-
Расширение инициалов личного имени Рудольф Вульфович
702 #1 - ИМЯ ЛИЦА - ВТОРИЧНАЯ ОТВЕТСТВЕННОСТЬ
Начальный элемент ввода Ползунов
Часть имени, кроме начального элемента ввода И.И.
Даты 1728-1766
Расширение инициалов личного имени Иван Иванович
Код отношения Объект посвящения
712 02 - НАИМЕНОВАНИЕ ОРГАНИЗАЦИИ - ВТОРИЧНАЯ ОТВЕТСТВЕННОСТЬ
Код отношения Прочие
Начальный элемент ввода Публичная библиотека им. М. Е. Салтыкова-Щедрина
Идентифицирующий признак Ленинград
Структурное подразделение Отдел рукописей и редких книг
Идентификатор авторитетной/нормативной записи RU\NLR\AUTH\889967602
Системный номер авторитетной/нормативной записи 431528
801 #0 - ИСТОЧНИК ЗАПИСИ
Страна Российская Федерация
Организация NLR
Правила каталогизации psbo
801 #1 - ИСТОЧНИК ЗАПИСИ
Страна Российская Федерация
Организация ELAR
Источник данных rusmarc
852 ## - МЕСТОНАХОЖДЕНИЕ И ШИФР ХРАНЕНИЯ
Идентификатор организации NLR
Шифр хранения (Call Number) 641/П-49
942 ## - ДОПОЛНИТЕЛЬНЫЕ ЭЛЕМЕНТЫ ЗАПИСИ (АБИС)
Тип экземпляра АБИС Книга
980 ## - КОЛЛЕКЦИЯ
Название коллекции Национальная библиография
Экземпляры
Тип экземпляра Дата поступления Библиотека постоянного хранения Библиотека текущего хранения Место хранения Шифр хранения Штрих-код Статус экземпляра
Книга 26.10.2013 РНБ (Московский) РНБ (Московский) Центральная справочная библиотека 641/П-49 1-3943663